000 00607nam a2200229 i 4500
001 C2-0079284
003 PPAK
005 20180727083529.0
008 970429s1990 enk |||| ||||| | eng d
040 _aPPAK
_beng
_cPPAK
_erda
082 0 4 _a944.0814
_223
090 0 0 _a944.0814
_bFLO
_dG
100 1 _aFlood, P.J.,
_eauthor
245 1 0 _aFrance 1914-18
264 1 _aLondon :
_bMacmillan ,
_c1990
300 _a209 pages ;
_c22 cm
336 _2rdacontent
_atext
337 _2rdamedia
_aunmediated
338 _2rdacarrier
_avolume
650 1 0 _aFrance - Social conditions - History
942 _ddc
_cB
999 _c13524
_d13524